| 000 | 01266nam a2200409 i 4500 | ||
|---|---|---|---|
| 001 | 41819 | ||
| 003 | KOSZ 005 | ||
| 005 | 20220912084114.0 | ||
| 008 | 021210s2002 pl f |000 0 pol | ||
| 015 | _aPB 2002/20074 | ||
| 020 | _a8372844364 | ||
| 040 |
_aWA N _cWA N _dKOSZ 005/HR |
||
| 041 | 0 | _apol | |
| 046 | _k2002 | ||
| 080 | _a336.14(438) | ||
| 080 | _a657 | ||
| 080 | _a(07) | ||
| 100 | 1 |
_aWiniarska, Kazimiera _d(1948- ) _eAutor |
|
| 245 | 1 | 0 |
_aRachunkowość budżetowa / _cKazimiera Winiarska, Aleksy Jakub Wołoszyn. |
| 260 |
_aWarszawa : _bDom Wydawniczy ABC, _c2002. |
||
| 300 |
_a375 s. ; _c24 cm. |
||
| 336 |
_2rdacontent _aTekst _btxt |
||
| 337 |
_2rdamedia _aBez urządzenia pośredniczącego _bn |
||
| 338 |
_2rdacarrier _aWolumin _bnc |
||
| 380 | _aKsiążki | ||
| 380 | _aPublikacje fachowe | ||
| 388 | _a2001- | ||
| 504 | _aBibliogr. Wykaz aktów prawnych. | ||
| 648 | _a2001- | ||
| 650 | 4 | _aRachunkowość budżetowa | |
| 651 | _aPolska | ||
| 655 | 4 | _aPodręcznik | |
| 658 | _aGospodarka, ekonomia, finanse | ||
| 700 | 1 |
_aWołoszyn, Aleksy Jakub _eAutor |
|
| 856 |
_uhttp://koha.tu.koszalin.pl/cgi-bin/koha/opac-detail.pl?biblionumber=41819 _yKatalog online BPK |
||
| 942 |
_2UKD _cKS |
||
| 999 |
_c41819 _d41819 |
||